1474 1877 1851 1202 1533 1802 1707 1558 1701 1380 1162 1487 1520 1882 1351 1364 1547 1855 1596 1990 1421 1446 1209 1807 1413 1262 1300 1318 1968 1406 1317 1142 1010 1262 1054 1736 1043 1603 1186 1162 1596 1176 1173 1716 1694 1460 1892 1876 1599 1509 1389 1128 1426 1686 1141 1213 1273 1634 1884 1588 1472 1589 1650 1265 1603 1903 1018 1425 1763 1057 1960 1641 1660 1679 1624 1120 1314 1459 1174 1213 1498 1770 1147 1961 1306 1814 1288 1498 1729 1490 1444 1448 1319 1723 1631 1271 1052 1644 1236 BCNSPRNW ULIB Ver.6.0+V

เปลี่ยนเป็นภาษาไทย

Change to English
 แสดงรายละเอียดบรรณานุกรม
  กลับหน้าหลัก

Brief Record : Get Marc (ISO 2709) : E-mail record : QR code < ปิดหน้าต่าง
LEADER : 00000nam 2200000uu 4500
001    13399122491
003     ULIB
008    980106s2530 th a m 000 0 tha d
099    ^aวพ.WK810^bว397ป
100 0  ^aวัฒนะ คล้ายดี
245 10 ^aประสิทธิผลของการจัดโปรแกรมสุขศึกษาโดยการสอนผู้ป่วยร่วมกับการใช้แรงสนับสนุนทางสังคมจากญาติผู้ป่วยในผู้ป่วยโรคเบาหวานโรงพยาบาลพยาบาลอินทร์บุรี จังหวัดสิงห์บุรี =^bThe effectiveness of health education program through patient with social support from relatives on diabetic patient''''''''s behavior at Inburi Hospital Singburi province /^cวัฒนะ คล้ายดี
246 31 ^aThe effectiveness of health education program through patient with social support from relatives on diabetic patient''''''''s behavior at Inburi Hospital Singburi province
260    ^a^c2530
300    ^a[16], 225 แผ่น :^bภาพประกอบ ;^c30 ซม.
500    ^aSend to Single Search
502    ^aวิทยานิพนธ์ (วท.ม. (สาธารณสุขศาสตร์))--มหาวิทยาลัยมหิดล, 2530
610 24 ^aมหาวิทยาลัยมหิดล^xวิทยานิพนธ์
610 24 ^aมหาวิทยาลัยมหิดล. ^bคณะสาธารณสุขศาสตร์^xวิทยานิพนธ์
650  4 ^aการสนับสนุนทางสังคม
650  4 ^aญาติพี่น้อง
650  4 ^aเบาหวาน
650  4 ^aผู้ป่วย, การศึกษา
650  4 ^aสุขศึกษา^xการศึกษาและการสอน
691    ^aวท.ม. (2530)
692    ^aสุขศึกษา (มหาวิทยาลัยมหิดล 2530)
710 2  ^aมหาวิทยาลัยมหิดล
710 2  ^aมหาวิทยาลัยมหิดล. ^bคณะสาธารณสุขศาสตร์
945    ^p0^l0^i016453
999    ^aกมลทิพย์ ธนสารสุธี
รายการนี้ยังไม่มีแท็ก
คุณยังไม่ได้ล็อกอิน คุณสามารถมีกิจกรรมร่วมกับเว็บไซต์ได้ แต่ต้องล็อกอินก่อน ::
  ล็อกอิน

รายการสื่อสารสนเทศ

ลำดับที่ ประเภท เลขเรียก/บาร์โค้ด สถานที่ สถานะ
1. วิทยานิพนธ์
วิทยานิพนธ์
วพ.WK810 ว397ป  
  Barcode: 016453
ห้องสมุดวิทยาเขตสวรรค์ประชารักษ์
► วิทยานิพนธ์
บนชั้น

รายการใกล้เคียง
    หัวเรื่อง [การสนับสนุนทางสังคม]
    หัวเรื่อง [เบาหวาน]

BibComment


ยังไม่เคยถูกคอมเมนท์

คอมเมนท์ทรัพยากรรายการนี้
  คอมเมนท์: ประสิทธิผลของการ..


 Copyright 2026. Bcnsprnw @Library